000 00634nam a2200205 a 4500
001 1731
005 20140414131927.0
008 001117s19uu xx 00 eng d
020 _a0-7868-3042-5
050 _aER
_bP75 1995
100 _aIngoglia, Gina
245 _aPocahontas /
_cadapted from the film by Gina Ingoglia ; illustrated Classic Edition.
260 _aNew York :
_bDisney Press,
_c1995.
300 _a95 p. : ill., col. ; cm.
440 _aDisney's.
650 _aPocahontas, 1617
_xFictions.
650 _aPowhatan Indians
_xFictions.
650 _aIndians of North America
_xVirginia
_xFiction.
999 _c112054
_d112054